|
|
|
|
| LEADER |
00000nam0a2200000 4500 |
| 001 |
270094 |
| 005 |
20231101234321.0 |
| 020 |
|
|
|a RU
|b 85-100747
|
| 035 |
|
|
|a (RuTPU)RU\TPU\book\293274
|
| 090 |
|
|
|a 270094
|
| 100 |
|
|
|a 20140924d1985 k y0rusy5003 ca
|
| 101 |
0 |
|
|a rus
|
| 102 |
|
|
|a RU
|
| 105 |
|
|
|a y z 001zy
|
| 200 |
1 |
|
|a Общая физика и мировоззрение
|e [монография]
|f В. К. Батурин
|
| 210 |
|
|
|a Владивосток
|c Изд-во Дальневосточного ун-та
|d 1985
|
| 215 |
|
|
|a 212 с.
|d 20 см
|
| 320 |
|
|
|a Библиогр.: с. 200-208
|
| 606 |
1 |
|
|a Физика
|x Философские проблемы
|2 stltpush
|3 (RuTPU)RU\TPU\subj\63714
|9 80692
|
| 610 |
1 |
|
|a научное мировоззрение
|
| 610 |
1 |
|
|a формирование
|
| 610 |
1 |
|
|a преподавание
|
| 610 |
1 |
|
|a методика
|
| 610 |
1 |
|
|a феноменологические модели
|
| 610 |
1 |
|
|a математические модели
|
| 610 |
1 |
|
|a обучение
|
| 610 |
1 |
|
|a монографии
|
| 675 |
|
|
|a 53:1
|z rus
|v 4
|
| 700 |
|
1 |
|a Батурин
|b В. К.
|g Владимир Кириллович
|4 070
|
| 801 |
|
0 |
|a RU
|b RuMRKP
|c 19950704
|g psbo
|
| 801 |
|
1 |
|a RU
|b 63413507
|c 20140924
|
| 801 |
|
2 |
|a RU
|b 63413507
|c 20170303
|g RCR
|
| 942 |
|
|
|c BK
|